Statistiche per Paesi più vicini all'Irlanda

Clicka qui per fare il quiz!

Statistiche generali

  • Questo quiz è stato fatto 76 volte
  • Il punteggio medio è 19 su 20

Statistiche sulle risposte

kmnazione% Corretto
0Regno Unito
100%
622Belgio
99%
413Francia
99%
821Germania
99%
1192Italia
99%
839Norvegia
99%
668Paesi Bassi
99%
1177Svezia
99%
1253Austria
97%
1088Svizzera
97%
1212Andorra
96%
925Danimarca
96%
881Lussemburgo
96%
861Spagna
94%
1036Portogallo
93%
1068Islanda
90%
1331Polonia
90%
1264Liechtenstein
89%
1388Monaco
85%
1281Cechia
77%

Distribuzione punteggi

Percentile per numero di risposta

Percentuale di utenti per punteggio

I tuoi punteggi nel tempo

Non hai fatto questo quiz